000 00947nam a2200301Ia 4500
003 OSt
005 20221007124217.0
006 a|||||r|||| 00| 0
007 ta
008 221006b |||||||| |||| 00| 0 eng d
020 _a9780230226999 (hbd)
024 _a118588
037 _cTextbook
040 _aCDL
_cCDL
_beng
041 _2eng
_aeng
082 _aE9G, P0;P8;3-;4 Carc
100 _aCox Michael M
_9393537
245 0 _aLehninger principles of biochemistry
_b Nelson David L
250 _a5
260 _aNew
_bYork W H Freeman and Company
_c2008
300 _axxix, 1158p.
_ccm.
500 _aIncludes bibliographical references.; Appendices A-B, A1-A51p.; Glossary G1-G17p.; Index I1-I40p.
650 _a Biochemistry
650 _aChemistry
700 _a Nelson David L
_9393536
942 _hE9G, P0;P8;3-;4 Carc
_cTB
_2CC
999 _c1213181
_d1213181